[Event "Corus"]
[Site "Wijk aan Zee"]
[Date "2000.01.16"]
[Round "2"]
[White "Van Wely, Loek"]
[Black "Kortschnoj, Viktor Lvovich"]
[Result "0-1"]
[WhiteElo "2646"]
[BlackElo "2659"]
[Annotator "Kortschnoj,V"]
[PlyCount "110"]
[EventDate "2000.01.15"]
[EventType "tourn"]
[EventRounds "13"]
[EventCountry "NED"]
[EventCategory "18"]
[SourceTitle "CBM 075"]
[Source "ChessBase"]
[SourceDate "2000.04.05"]
[SourceVersion "1"]
[SourceVersionDate "2000.04.05"]
[SourceQuality "1"]

1. d4 d5 2. c4 dxc4 3. e4 Nf6 4. e5 Nd5 5. Bxc4 Nb6 6. Bb3 Nc6 7. Ne2 Bf5 8.
Nbc3 e6 9. a3 Qd7 10. O-O O-O-O 11. Be3 h5 $5 (11... f6 12. exf6 gxf6 13. Ng3
$14) 12. Qc1 f6 13. Rd1 Qf7 14. exf6 gxf6 15. d5 (15. Nf4 $5) (15. Ba2 $5)
15... exd5 16. Nf4 Kb8 17. Ncxd5 (17. Bxb6 axb6 18. Bxd5 Qe8 $11) (17. a4 $5)
17... Bd6 18. Ba2 Qg7 19. Nxb6 axb6 20. Ne6 Bxe6 21. Bxe6 Qe7 $2 (21... Ne5 $1
22. h3 (22. Bf4 Qg6 23. Qc3 Nd3 $11) 22... Nf3+ 23. Kh1 Rdg8 24. Bxg8 Rxg8 25.
g3 (25. Rg1 $11) 25... Bxg3 26. Bh6 Qg6 27. Qe3 Qf5 $19) 22. Bd5 Ne5 23. h3 c6
24. Be4 (24. Bxb6 cxd5 25. Bxd8 Rxd8 26. Rxd5 Ng6 $1 $15) 24... Bc5 25. Qc3 $14
{White stands slightly better. Black is going to simplify the position, but in
the arising endgame black will also have some problems.} Ka7 26. b3 h4 27. a4 {
A threat a4-a5 is annoying. Black is forced to take on e3} Bxe3 28. Qxe3 Qc5
29. Qxc5 {29.Df4 to remind to black about his pawn weaknesses was stronger.}
bxc5 30. f4 {Now and then white tries to prove a superiority of his bishop
against black knight.} Nf7 31. Bg6 Nd6 32. Rac1 $6 {Stronger was 32.Td2!
forcing black to move the knight to c8.} Rhg8 33. Bh5 ({And here} 33. Bh7 Rh8
34. Bb1 {was better - still with some edge to white.}) 33... Ne4 34. Bf7 Rxd1+
35. Rxd1 Rg7 36. Be6 Re7 37. Bc4 (37. f5 $5) 37... Kb6 38. f5 (38. Rd8 Ka5 39.
Rh8 Nd2 40. Rxh4 Nxc4 41. bxc4 Kxa4 $15) 38... Ka5 $2 {A careless move.} (38...
Kc7 {was correct.}) 39. Re1 Re8 40. Bd3 $2 {Mutual time trouble.} ({After} 40.
g4 hxg3 41. h4 {white was winning.}) 40... Nd6 41. Re6 Rd8 42. Rxf6 Kb4 $132
43. Re6 Kxb3 44. f6 c4 $15 45. Bg6 c3 46. a5 $2 {Practically a losing move.} ({
After} 46. f7 Nxf7 47. Bxf7 c2 48. Rxc6+ Kb2 49. Rc7 c1=Q+ 50. Rxc1 Kxc1 51.
Bh5 Kb2 52. Bf3 Rd7 ({A position after} 52... b6 53. Bc6 {is a dead draw.}) 53.
g3 Rg7 54. Bg4 Kb3 55. a5 {black would save the game.}) 46... c5 47. g4 hxg3
48. h4 c4 49. Re2 ({Or} 49. h5 c2 50. Re1 (50. Re3+ c3 51. Re1 Nf7 $1 $19)
50... Nf7 $1 $19) 49... Rf8 50. Re6 Nb5 51. Rb6 Kb4 52. h5 Kxa5 53. Rxb7 Nd4
54. h6 (54. Rc7 Rxf6 55. Rxc4 Ne2+ 56. Kg2 Rf2+ $19) (54. f7 c2 55. Bxc2 Nxc2
56. h6 c3 57. h7 (57. Re7 Nd4 $19) (57. Kg2 Ne3+ 58. Kxg3 Nf5+ 59. Kf4 Nxh6 $19
) 57... Ne3 $19) 54... Nf3+ 55. Kf1 g2+ 0-1

[Event "EU-chT (Men) 11th"]
[Site "Pula"]
[Date "1997.05.??"]
[Round "9.1"]
[White "Beliavsky, Alexander G"]
[Black "Kortschnoj, Viktor Lvovich"]
[Result "0-1"]
[WhiteElo "2665"]
[BlackElo "2635"]
[Annotator "Kortschnoj,V"]
[PlyCount "86"]
[EventDate "1997.05.05"]
[EventType "team-swiss"]
[EventRounds "9"]
[EventCountry "CRO"]
[SourceTitle "CBM 057 Extra"]
[Source "ChessBase"]
[SourceDate "1997.05.01"]
[SourceVersion "1"]
[SourceVersionDate "1997.05.01"]
[SourceQuality "1"]
[WhiteTeam "Slovenia"]
[BlackTeam "Switzerland"]
[WhiteTeamCountry "SLO"]
[BlackTeamCountry "SUI"]

1. d4 {Huzman} d5 2. c4 dxc4 3. e4 Nf6 4. e5 Nd5 5. Bxc4 Nb6 6. Bb3 Nc6 7. Ne2
(7. Be3 {Huzman} Bf5 8. Ne2 e6 9. Nbc3 Qd7 10. a3 Na5 11. Ba2 Nac4 12. Qc1 Be7
13. O-O O-O 14. Ng3 Bg6 15. Rd1 Nxe3 16. Qxe3 c6 17. Nce4 Nd5 18. Qe2 Rac8 19.
Rac1 Rc7 20. Bb1 b6 21. Qg4 Bf5 $11 {Notkin -Yakovich,Elista1997}) 7... Bf5 8.
Nbc3 e6 9. a3 Qd7 10. O-O O-O-O (10... Be7 11. Be3 Na5 12. Ba2 Nac4 13. Ng3 Bg6
$14 {1-0 Granda Zuniga,J-Kortschnoj,V/Hoogovens 1997/CBM 57 (61) [Alterman]})
11. Be3 f6 12. exf6 gxf6 13. Na4 $146 (13. Ng3 $14 Bg6 14. Qe2 (14. Nce4 {
[%cal Ye4c5] Huzman} Be7 15. Rc1) 14... Kb8 15. Rfd1 Ne7 16. Nge4 Ned5 17. Nc5
Qe8 18. Rac1 Bh5 19. f3 Rg8 20. Nxd5 Nxd5 21. Bxd5 exd5 22. Re1 Bd6 23. Nd3 Qe6
24. Kh1 Rde8 25. Qd2 (25. Nc5 $142 $11) 25... Bxf3 $19 26. gxf3 Qh3 {0-1 Mohr,
S-Huebner,R/SUI-chT 1996/EXP 55} 27. Qf2 Bxh2 28. Qf1 Qh5) (13. Re1 Na5 14. Bf4
$2 (14. Ng3 $14) (14. Bc2 $14) 14... e5 $1 {0-1 Epishin,V-Kortschnoj,V/St.
Petersburg 1997/CBM 59 (65)}) 13... h5 14. Rc1 h4 15. Nc5 Bxc5 16. Rxc5 (16.
dxc5 $2 {Huzman} Qg7 $17) 16... Kb8 17. Bc2 $2 (17. Nf4 Nxd4 (17... Ne7 $6 18.
Qf3 (18. Rxf5 exf5 19. Ne6 $44) 18... c6 (18... Nbd5 $2 19. Nxd5 Nxd5 20. Bxd5
exd5 21. Bf4 $18) 19. Rxf5 $1 $44) 18. Bxe6 $14) 17... Ne7 18. Nf4 Rhg8 19.
Bxf5 Nxf5 20. Qf3 Nd5 21. Nxd5 (21. Rfc1 {Huzman} c6) 21... exd5 $13 22. Rfc1
c6 23. b4 Ka8 (23... Rde8 {Huzman} 24. b5 $16) 24. a4 $2 (24. b5 $142 $1 cxb5
25. Rxd5 Qxd5 26. Rc8+ Rxc8 27. Qxd5 Nxe3 28. fxe3 a6 $13) 24... h3 25. g3 (25.
Qxh3 Rh8 $40 (25... Rh8 {Huzman} 26. Qf3 Rdg8 $40)) 25... Qe6 (25... Nh4 $5 26.
Qh5 $1 (26. Qxf6 Qh7 27. Z0 Qe4 $19) 26... Qg4 (26... Rh8 27. Qe2 Z0 28. gxh4)
27. Qxg4 Rxg4 28. f4 $1 $13 {[]}) 26. Kf1 (26. b5 $2 Nh4 27. Qf4 (27. Qd1 Qe4
$19) 27... Rg4 28. Qc7 Rc8 29. Z0 Qe4 $19) 26... Nd6 27. b5 $2 (27. Bf4 Nc4 (
27... Ne4 28. R5c2 Qf5 $14) 28. Z0 Rde8) 27... Ne4 28. R5c2 (28. bxc6 {Huzman}
Nxc5 29. c7 Qa6+ 30. Kg1 (30. Qe2 Rc8 31. Rxc5 Qxa4 $19) 30... Rc8 31. Rxc5
Qxa4 $17) 28... c5 29. dxc5 $6 (29. Rxc5 Nxc5 30. dxc5 Rc8 $1 (30... d4 31. Bf4
Qd5 32. Qxd5 Rxd5 33. c6 $44) 31. Z0 Rge8 32. Z0 Qe4 $14) 29... d4 $19 30. Rc4
(30. Bf4 Qd5 31. Kg1 (31. Qd3 Nd2+ $1 $19 (31... Nd2+ $1 $19 {Huzman} 32. Rxd2
(32. Qxd2 Qg2+ (32... d3 33. f3 Qxf3+ 34. Qf2 Qh1+ 35. Qg1 Qxg1+ 36. Kxg1 dxc2
37. Rxc2 $132 {[%cal Yc5c6]}) 33. Ke2 (33. Ke1 Rge8+ $19) 33... Rge8+ 34. Kd3
Qe4+ 35. Kc4 d3+ 36. Kb3 dxc2 37. Qxc2 Rd3+ 38. Ka2 Qd5+ $19) 32... Qh1+ 33.
Ke2 Rge8+)) 31... d3 32. Rb2 Nxg3 $1 33. Qxd5 Ne2+ $19) (30. Bd2 Qd5 31. Kg1 d3
32. Rb2 Nxg3 33. Qxd5 Ne2+ 34. Kh1 Rxd5 35. Rd1 Rxc5 $19) 30... f5 31. Bf4 d3
32. c6 (32. Rb4 {Huzman} Qd5 $1 33. Kg1 Nxg3 34. Qxd5 Ne2+ 35. Kh1 Rxd5 $19) (
32. Qd1 {Huzman} d2 33. R1c2 Rge8 $1 $19) 32... bxc6 (32... d2 $2 33. cxb7+
Kxb7 34. Rc7+ Ka8 35. Rd1 Qd5 36. Qe3 $16) 33. Rxc6 Qd5 34. Kg1 (34. Qe3 Nxg3+
35. fxg3 $8 Qg2+ 36. Ke1 d2+ 37. Qxd2 Rge8+ 38. Qe3 Qh1+ $19) 34... d2 35. Rd1
Rge8 36. Be3 (36. Rxd2 Nc3 $1 $19 (36... Nxd2 $2 37. Rc8+ Kb7 38. Rb8+ Rxb8 39.
Qxd5+ $18)) (36. Rc2 Nc3 $1 37. Rcxd2 Nxd1 $19) (36. Bxd2 {Huzman} Nxd2 37.
Rc8+ Kb7 38. Qxd5+ Rxd5 39. Rxe8 Nf3+ $19) 36... f4 $1 37. Rxd2 (37. Bxf4 {
Huzman} Nc3 $19 (37... Nd6 $5 $19)) 37... Nxd2 38. Rc8+ Kb7 39. Qxd5+ Rxd5 40.
Rxe8 Nf3+ 41. Kf1 Nxh2+ 42. Ke2 fxe3 43. Rh8 Ng4 $1 0-1

[Event "EU-ch 12th"]
[Site "Aix les Bains"]
[Date "2011.03.27"]
[Round "6"]
[White "Dreev, Alexey"]
[Black "Edouard, Romain"]
[Result "1-0"]
[WhiteElo "2697"]
[BlackElo "2600"]
[Annotator "Krasenkow,M"]
[PlyCount "87"]
[EventDate "2011.03.22"]
[EventType "swiss"]
[EventRounds "11"]
[EventCountry "FRA"]
[SourceTitle "CBM 142 Extra"]
[Source "ChessBase"]
[SourceDate "2011.06.27"]
[SourceVersion "1"]
[SourceVersionDate "2011.06.27"]
[SourceQuality "1"]

1. d4 d5 2. c4 dxc4 3. e4 e5 4. Nf3 exd4 5. Bxc4 Nc6 6. O-O Be6 7. Bxe6 fxe6 8.
Qb3 Qd7 9. Qxb7 Rb8 10. Qa6 Nf6 11. Nbd2 Bd6 12. b3 O-O 13. Bb2 e5 {Hardly a
good idea - to set up another pawn on a dark square.} (13... Bf4 {- see CBM
119, annotations to Aronian - Shirov.}) 14. Rfc1 $1 (14. Ba3 Kh8 (14... Rb6 $5
15. Qc4+ Kh8 16. Qa4 Nh5 $132) 15. Rac1 Ne7 16. Nc4 Nxe4 17. Nfxe5 Qf5 18. Nxd6
cxd6 19. Nf3 $16 {1/2 Shishkin,V (2502)-Krzyzanowski,M (2280)/Krakow 2008/CBM
128 Extra (34)}) (14. Rac1 Nb4 $1 (14... Ne7 $2 15. Bxd4 exd4 16. e5 Nf5 17.
Qc4+ Kh8 18. exd6 Qxd6 19. Qxc7 $18 {1-0 Beliavsky,A (2646)-Nikolic,P (2623)/
Rogaska Slatina 2009/CBM 133 Extra (34)}) 15. Qc4+ Qf7 $132 {[%cal Rb4a2]})
14... Rb6 $6 (14... Ne7 $6 15. Bxd4 exd4 (15... Nxe4 $2 16. Nxe4 exd4 17. Nxd6
cxd6 18. Nxd4 $18 {1-0 Moradiabadi,E (2571)-Rigopoulos Tsigkos,A (2020)/Aghios
Kirykos 2010/CBM 137 Extra (39)}) 16. e5 Bxe5 17. Nxe5 Qf5 18. Ndf3 Nfd5 19.
Qd3 $16 {1-0 Werle,J (2591)-Edouard,R (2508)/Liverpool 2008/CBM 126 Extra (37)}
) (14... Nd8 $5 {is probably the most appropriate:} 15. Bxd4 (15. Qxa7 Ne6 $44)
15... exd4 16. e5 Ne6 17. exd6 cxd6 {1/2 Eljanov,P (2716)-Ganguly,S (2631)/
Sabadell 2008/CBM 126} 18. Qc6 $5 $14) 15. Qe2 Kh8 (15... Na5 16. Ne1 Qe8 17.
Nd3 Nh5 18. g3 Qg6 19. Kh1 $14 {1/2 Maduekwe,C (2268)-Baumgartner,U (2209)/LSS
2007/Telechess CBM 131 (35)}) 16. Ne1 Bb4 17. Nc4 Bxe1 {Black decides on an
exchange sacrifice so as not to come under positional pressure. However, he
doesn't obtain enough compensation.} (17... Rbb8 18. Nd3 $16 {[%csl Gc4,Gd3]})
18. Nxb6 Bxf2+ 19. Qxf2 cxb6 20. Qf5 Qd6 $6 (20... Qe8 $142 21. Rf1 $16) 21.
Ba3 Qxa3 22. Rxc6 Qb2 23. Rf1 d3 24. Rc8 $6 (24. Rd6 $142 $16) 24... Rxc8 $2 (
24... Qd4+ 25. Kh1 Rg8 {, and now White needs a couple of accurate moves to
keep his advantage:} 26. Rc4 $1 Qb2 27. Rc6 $1 d2 (27... Qd4 28. Rxf6 gxf6 29.
Qxf6+ Rg7 30. Rc1 Qd7 31. Qxe5 $16) 28. Qf3 b5 $1 29. Qd3 (29. Rd1 Qd4 {
, and 30.Rc4 is impossible - that's why 28...b5!}) (29. Rd6 Qc1 {[%cal Rf6e4]})
29... Qd4 30. Qxd4 exd4 31. Rd6 d1=Q $1 32. Rxd1 Nxe4 33. R1xd4 Nxd6 34. Rxd6
Rc8 35. h3 $14 {_|_}) 25. Qxc8+ Ng8 26. h3 Qxa2 (26... d2 27. Kh2 {[%cal Rf1f8]
} Qxa2 28. Qc3 $18 {[%cal Yf1d1,Yd1d2]}) 27. Qc4 {The simplest.} (27. Rf7 $5 {
[%cal Rc8g4,Rc8f8]} Qe2 28. Qf8 Qe3+ 29. Kh2 Qg5 30. Qc8 h6 31. Rf8 Kh7 32.
Rxg8 Qf4+ 33. Kg1 Qe3+ 34. Kh1 $18) 27... Nf6 28. Qxd3 $18 h6 29. Qd8+ Kh7 30.
Qe7 Kh8 31. Qd8+ Kh7 32. Qc7 Kh8 33. Qb8+ Kh7 34. Qxe5 Qxb3 35. Qf5+ Kh8 36. e5
Qe3+ 37. Kh2 Ng8 38. Qe6 Qc5 39. Rf7 b5 40. Qd6 Qe3 41. e6 b4 42. e7 b3 43. Rf8
b2 44. Qd5 1-0

[Event "Foros Aerosvit"]
[Site "Foros"]
[Date "2007.06.29"]
[Round "11"]
[White "Onischuk, Alexander"]
[Black "Nisipeanu, Liviu Dieter"]
[Result "1-0"]
[WhiteElo "2663"]
[BlackElo "2693"]
[Annotator "Krasenkow,M"]
[PlyCount "115"]
[EventDate "2007.06.18"]
[EventType "tourn"]
[EventRounds "11"]
[EventCountry "UKR"]
[EventCategory "18"]
[SourceTitle "CBM 119"]
[Source "ChessBase"]
[SourceDate "2007.08.01"]
[SourceVersion "1"]
[SourceVersionDate "2007.08.01"]
[SourceQuality "1"]

1. d4 d5 2. c4 dxc4 3. e4 e5 4. Nf3 exd4 5. Bxc4 Nc6 6. O-O Be6 7. Bb5 Bc5 8.
b4 Bb6 9. a4 a6 10. Bxc6+ bxc6 11. a5 Ba7 12. Bb2 Nf6 13. Nxd4 Bxd4 14. Bxd4
Nxe4 15. Re1 $146 (15. Bxg7 {-see Aronian-Shirov in this issue.}) 15... Qd5 $6
{Premature. The queen will be vulnerable here.} (15... Nf6 $142 16. Nc3 O-O $11
) 16. Qd3 c5 (16... Nf6 $6 17. Nc3 {and the black queen must probably retreat
to d8!}) 17. Rxe4 cxd4 18. Nc3 Qb3 (18... Qf5 19. Qxd4 O-O 20. Rd1 $36) 19.
Rxd4 O-O 20. Qd2 $16 {[%cal Yc3e4,Ye4c5] Black's pawn weaknesses guarantee
White a clear pull.} c5 {A desperate attempt to complicate matters. However,
Black is unable to recapture this pawn and White confidently brings home his
advantage.} 21. bxc5 Rab8 22. h3 Qb7 23. Nd5 Rbc8 24. Rc1 Bxd5 25. Rxd5 Rc6 26.
Rd6 Qc7 27. Qd5 Rxd6 28. Qxd6 Qxa5 {Black has recaptured the pawn but White's
passed pawn decides the game.} 29. Rb1 (29. c6 {was simpler, e.g.} Rd8 30. Qg3
Rc8 31. c7 Qb6 32. Rd1 $1 g6 33. Rd7 $18) 29... g6 30. c6 Kg7 ({The queen
endgame after} 30... Rc8 31. Rb8 Rxb8 32. Qxb8+ Kg7 {is lost for Black, e.g.}
33. Qb2+ ({but not} 33. c7 $2 Qe1+ 34. Kh2 Qe5+ 35. g3 Qd4 $1 $11) 33... Kg8
34. Qb7 $1 Qe1+ (34... Qd5 35. Qd7 Qc5 36. g4) 35. Kh2 Qe5+ (35... Qxf2 36. c7
Qf4+ 37. g3 $18) 36. g3 Qd5 37. Qb8+ Kg7 38. Qb2+ f6 (38... Kg8 39. c7 Qc5 40.
Qb7 $1 Qxf2+ 41. Qg2 $18) 39. Qb6 $18 {[%cal Yc6c7] etc.}) 31. c7 Rc8 32. Rc1
Qg5 33. Rc6 h5 (33... a5 34. Qd7 Qf5 35. Qd4+ f6 (35... Kh6 36. g4) 36. g4 Qb1+
37. Kh2 $18) 34. f4 Qa5 35. Kh2 h4 36. Qf6+ Kg8 37. Qxh4 Qd5 38. Qf6 Qd7 39. h4
$1 a5 40. h5 Qf5 41. Qd8+ Kg7 42. Qd4+ (42. h6+ $5 Kxh6 43. Rf6 Qg4 (43... Qh5+
44. Kg3) 44. Rxf7 a4 45. Qf6 $18) 42... f6 43. g4 (43. hxg6 $5) 43... Qxg4 44.
Qxf6+ Kh6 45. Qxg6+ Qxg6 46. hxg6 {[%mdl 4096]} a4 47. f5 a3 48. Rc2 a2 49.
Rxa2 Rxc7 {White has missed several good possibilities but the endgame is
still easily winning.} 50. Kh3 (50. Ra8 $5) 50... Kg5 (50... Rc3+ 51. Kg4 Rc4+
52. Kf3 $18) 51. Rg2+ Kf6 52. Kg4 Rc1 53. Rh2 Rf1 54. Rh8 Rg1+ 55. Kf4 Rf1+ 56.
Ke4 Re1+ 57. Kd3 Re7 58. Rh7 1-0

[Event "EU-Cup 31st"]
[Site "Skopje"]
[Date "2015.10.23"]
[Round "6.4"]
[White "Li, Chao B"]
[Black "Andreikin, Dmitry"]
[Result "1-0"]
[WhiteElo "2750"]
[BlackElo "2720"]
[Annotator "Krasenkow,M"]
[PlyCount "107"]
[EventDate "2015.10.18"]
[EventType "team-swiss"]
[EventRounds "7"]
[EventCountry "MKD"]
[SourceTitle "CBM 169"]
[Source "ChessBase"]
[SourceDate "2015.11.10"]
[SourceVersion "1"]
[SourceVersionDate "2015.11.10"]
[SourceQuality "1"]
[WhiteTeam "Siberia"]
[BlackTeam "Alkaloid"]
[WhiteTeamCountry "RUS"]
[BlackTeamCountry "MKD"]

1. d4 d5 2. c4 dxc4 3. e4 e5 4. Nf3 Bb4+ 5. Bd2 Bxd2+ 6. Nbxd2 exd4 7. Bxc4 Nc6
8. Nb3 Nge7 {A rare, slightly too passive continuation.} (8... Bg4) 9. O-O d3 (
9... O-O {is simpler and can lead to an endgame similar to the one which
happened in the present game:} 10. Nfxd4 Nxd4 11. Qxd4 (11. Nxd4 {is not
dangerous:} Ng6 (11... c5 $143 12. Nb5 a6 13. Nd6 Qc7 14. Bxf7+ Rxf7 15. Nxf7
Kxf7 16. Qh5+ Ng6 17. Rac1 $36 {1-0 (36) Potkin,V (2591)-Simacek,P (2481)
Pardubice 2007}) 12. Rc1 c6 13. Rc2 Qg5 14. Qd2 {1/2 (27) Shishkin,V (2458)
-Moldovan,D (2435) Tusnad 2004} Nf4 $1 15. g3 Rd8 $132) 11... Qxd4 12. Nxd4 Rd8
13. Rfd1 Bd7 14. f3 (14. Rd2 c5 15. Rad1 Be8 16. Ne2 {1/2 (16) Bagirov,
V-Khasin,A Moscow 1964}) 14... Kf8 15. Kf2 Ng6 16. Rac1 Ke7 17. b4 Ne5 18. Be2
c6 19. f4 Ng4+ 20. Kg3 h5 21. h3 Nf6 22. Kf3 $14 {1/2 (37) Taimanov,
M-Polugaevsky,L Leningrad 1963}) 10. Rc1 (10. Qxd3 Qxd3 11. Bxd3 Bg4 12. Be2
O-O-O 13. Rfd1 Ng6 14. Nfd4 Bxe2 15. Nxe2 Rhe8 16. f3 Nge5 $11 {1/2 (37) Szabo,
L (2515)-Matulovic,M (2510) Vrsac 1979}) (10. Bxd3 $5 {is probably enough for
a small edge:} Bg4 (10... O-O $5) 11. h3 Bh5 (11... Bxf3 12. Qxf3 Ne5 13. Qg3
$1 Nxd3 14. Rad1) 12. Rc1 (12. Re1 O-O 13. e5 Re8 14. Be4 Qxd1 15. Raxd1 Rad8
16. Rc1 Bxf3 17. Bxf3 Nd5 18. Rcd1 Ndb4 19. Nc5 b6 20. Na6 Kf8 21. Bxc6 Nxc6
22. f4 $14 {1-0 (53) Bendig,F (2458)-Massimini Gerbino,M (2399) IECG 2003})
12... O-O 13. g4 Bg6 14. Bb1 Qxd1 15. Rfxd1 Rfd8 16. Nfd4 Nxd4 17. Nxd4 c6 18.
f4 f6 19. Ne6 Rxd1+ 20. Rxd1 Bf7 21. Nd8 $36 {1-0 (51) Shishkin,V (2532)-Kizov,
A (2423) Bijelo Polje 2005}) 10... O-O 11. h3 (11. Rc3 Bg4 $1 (11... Ng6 12.
Qxd3 Qxd3 13. Bxd3 Nce5 14. Nxe5 Nxe5 15. Be2 c6 16. f4 Ng6 17. g3 Rd8 18. Rd1
$14 {1-0 (48) Ilincic,Z (2530)-Matulovic,M (2420) Budva 2002}) 12. Bxd3 (12.
Rxd3 Qe8 {[%cal Rc6e5]}) 12... Ne5 13. Be2 Bxf3 14. Bxf3 Nxf3+ 15. Qxf3 Ng6 16.
Rd1 Qe7 $11 {M.Matulovic}) 11... a5 12. Nc5 Ng6 13. Qxd3 Nce5 14. Nxe5 Nxe5 15.
Qxd8 Rxd8 16. Be2 {[%mdl 32] In this kind of endgame the activity of pawns is
a key positional factor.} Kf8 $6 (16... g5 $1 {, strengthening the position of
the e5 knight and stopping White's kingside pawns, was a better way to keep
the balance. If} 17. Rfd1 {then} Rxd1+ 18. Rxd1 Kg7 {, and} 19. Rd8 {is
harmless due to} b6 {[%cal Yc8b7]}) 17. f4 Nc6 18. Rfd1 Rxd1+ ({Here, too,} 
18... b6 {deserved attention:} 19. Rxd8+ (19. Na4 Bb7) 19... Nxd8 20. Na4 Bd7)
19. Bxd1 {[%mdl 4096]} Nd4 (19... b6 $1 20. Na4 (20. Nd3 Bb7 21. Ba4 Nb4 $1)
20... Bb7 $11 {[%cal Ya8d8]}) 20. Kf2 b6 {Now it is not so good as Black's c7
pawn will be hanging.} 21. Na4 Nb5 22. Be2 Bd7 23. b3 Ra7 $6 (23... Re8 $1 24.
e5 Re7 {, activating Black's rook, was the right course although White kept
something of an edge after} 25. g4) 24. Ke3 Nd6 25. Nc3 Bc6 26. g4 {Black's
position, with his poor a7 rook, is completely passive, and White can
gradually improve his setup.} f6 27. Bd3 h6 28. Kd4 $5 Ra8 29. Ne2 $1 Bb5 30.
Bxb5 Nxb5+ 31. Kd5 $1 {[%csl Gd5]} Rd8+ {Black has finally got his rook out
but White's king runs riot.} 32. Kc6 Rd2 33. a4 $1 Nd6 (33... Na7+ 34. Kxc7
Rxe2 35. Kxb6 $16) 34. Nc3 Ne8 35. Nd5 Nd6 (35... g5 36. Nxc7 Rd6+ 37. Kb7 Nxc7
38. Kxc7 {or}) (35... Re2 36. Nxc7 Nxc7 37. Kxc7 Rxe4 38. Kxb6 Rb4+ 39. Kxa5
Rxb3 40. Rc8+ Kf7 41. Rc7+ Kf8 42. h4 {must be winning for White, too.}) 36. e5
Nf7 37. Nxc7 fxe5 38. fxe5 Nxe5+ 39. Kxb6 Rd3 40. Rb1 Ke7 41. Kxa5 Rxh3 42. Kb6
{White's pawns are farther advanced and supported by his king, therefore they
are much more dangerous.} Nd7+ 43. Kb5 h5 44. Nd5+ Kd8 (44... Kd6 45. Nf4) 45.
gxh5 Rxh5 46. Rd1 Kc8 47. a5 Kb7 48. b4 Nb8 (48... Nf6 49. Kc4 {, and White
should win.}) 49. Kc4 Nc6 50. Kc5 Ne5 51. b5 Nd7+ 52. Kd6 Kc8 53. Rc1+ Kd8 54.
Nf4 1-0